[Event "Forchheim op-B 14th"]
[Site "Forchheim"]
[Date "2015.10.03"]
[Round "2"]
[White "Von der Linden, Armin"]
[Black "Krastev, Alexander"]
[Result "1/2-1/2"]
[WhiteElo "1985"]
[BlackElo "1858"]
[PlyCount "48"]
[EventDate "2015.10.02"]
[EventType "swiss"]
[EventRounds "5"]
[EventCountry "GER"]
[SourceTitle "EXT 2019"]
[Source "ChessBase"]
[SourceDate "2018.10.10"]
[SourceVersion "1"]
[SourceVersionDate "2018.10.10"]
[SourceQuality "1"]

1. d4 Nf6 2. c4 c5 3. Nf3 g6 4. b3 Bg7 5. Bb2 cxd4 6. Nxd4 0-0 7. Nd2 d6 8. e4 Nbd7 9. Be2 Nc5 10. Qc2 a5 11. 0-0 Bd7 12. a4 Bc6 13. Bf3 Nfd7 14. Nxc6 bxc6 15. Bxg7 Kxg7 16. Qc3+ Ne5 17. Be2 Kg8 18. f4 Ned7 19. Rab1 Qb6 20. Kh1 Ne6 21. Bd3 Nd4 22. Nf3 c5 23. e5 Rab8 24. exd6 Qxd6 1/2-1/2

[Event "Schweinfurt op 23rd"]
[Site "Schweinfurt"]
[Date "2013.06.01"]
[Round "4"]
[White "Posske, Thore"]
[Black "Von der Linden, Armin"]
[Result "0-1"]
[WhiteElo "1900"]
[BlackElo "1976"]
[PlyCount "110"]
[EventDate "2013.05.30"]
[EventType "swiss"]
[EventRounds "7"]
[EventCountry "GER"]
[SourceTitle "CBM 154 Extra"]
[Source "ChessBase"]
[SourceDate "2013.06.25"]
[SourceVersion "2"]
[SourceVersionDate "2013.06.25"]
[SourceQuality "1"]

1. d4 d5 2. Nf3 Nc6 3. Bf4 Bf5 4. e3 e6 5. c3 Bd6 6. Bb5 Bxf4 7. exf4 Nge7 8. 0-0 0-0 9. Nh4 Qd6 10. Nxf5 Nxf5 11. g3 Nce7 12. Nd2 b6 13. Nf3 c5 14. Ba4 cxd4 15. Nxd4 Nxd4 16. Qxd4 Nf5 17. Qe5 Rfc8 18. g4 Rc4 19. Bd1 Rxf4 20. Qxd6 Nxd6 21. Rc1 Rc4 22. Be2 Rc5 23. f4 Rac8 24. Rce1 Nc4 25. Bxc4 Rxc4 26. h3 Kf8 27. f5 exf5 28. Rxf5 d4 29. cxd4 Rxd4 30. Re2 Rcd8 31. Rfe5 Rd2 32. Kg2 f6 33. Re7 Rxe2+ 34. Rxe2 Kf7 35. Rc2 Rd7 36. Rf2 Ke6 37. Re2+ Kd5 38. Rd2+ Kc6 39. Rc2+ Kb5 40. h4 a5 41. h5 Ka6 42. Kf3 b5 43. h6 Kb6 44. hxg7 Rxg7 45. Kf4 Rg5 46. Rh2 Rc5 47. b3 Rd5 48. Rxh7 Rd2 49. Rf7 Rxa2 50. Rxf6+ Kc5 51. Kg3 Ra3 52. Rf3 a4 53. bxa4 Rxf3+ 54. Kxf3 bxa4 55. Ke4 a3 0-1

[Event "Unterfranken-ch M2 59th"]
[Site "Rieneck"]
[Date "2008.03.29"]
[Round "9"]
[White "Bachmann, Wolfgang"]
[Black "Von der Linden, Armin"]
[Result "0-1"]
[WhiteElo "1929"]
[BlackElo "1816"]
[PlyCount "98"]
[EventDate "2008.03.24"]
[EventType "swiss"]
[EventRounds "9"]
[EventCountry "GER"]
[SourceTitle "EXT 2015"]
[Source "ChessBase"]
[SourceDate "2014.11.20"]
[SourceVersion "1"]
[SourceVersionDate "2014.11.20"]
[SourceQuality "1"]

1. d4 d5 2. Nf3 c6 3. c3 Nf6 4. Bg5 Ne4 5. Bh4 Qd6 6. Nbd2 Qh6 7. Qc1 Nxd2 8. Qxd2 Qxd2+ 9. Nxd2 Bf5 10. f3 Nd7 11. e4 Bg6 12. e5 e6 13. Be2 Be7 14. Bf2 c5 15. f4 c4 16. a4 h5 17. g3 0-0 18. 0-0 Rfc8 19. h3 a6 20. Ra2 b5 21. axb5 axb5 22. Rfa1 Nb6 23. Bd1 Rxa2 24. Rxa2 Ra8 25. Rxa8+ Nxa8 26. Be1 Nb6 27. Nf1 Na4 28. Bxa4 bxa4 29. Kf2 Kf8 30. Ne3 Be4 31. g4 hxg4 32. hxg4 Ke8 33. Kg3 Kd7 34. Kh3 a3 35. bxa3 Bxa3 36. Kg3 Kc6 37. Kf2 Kb5 38. Ke2 Ka4 39. Nd1 Kb3 40. Nf2 Bc2 41. Nh3 Bb2 42. Ng5 Bg6 43. f5 exf5 44. e6 fxe6 45. Nxe6 fxg4 46. Nc5+ Kc2 47. Na4 Ba1 48. Ke3 Be8 49. Nb6 Bc6 0-1

[Event "Unterfranken-ch M2 59th"]
[Site "Rieneck"]
[Date "2008.03.28"]
[Round "8"]
[White "Von der Linden, Armin"]
[Black "Amtmann, Florian"]
[Result "1/2-1/2"]
[WhiteElo "1816"]
[BlackElo "1939"]
[PlyCount "34"]
[EventDate "2008.03.24"]
[EventType "swiss"]
[EventRounds "9"]
[EventCountry "GER"]
[SourceTitle "EXT 2015"]
[Source "ChessBase"]
[SourceDate "2014.11.20"]
[SourceVersion "1"]
[SourceVersionDate "2014.11.20"]
[SourceQuality "1"]

1. d4 d5 2. Nf3 Nf6 3. c4 c6 4. Qc2 g6 5. g3 Bg7 6. Bg2 0-0 7. 0-0 Na6 8. a3 c5 9. cxd5 cxd4 10. Nxd4 Nxd5 11. Rd1 f5 12. Nxf5 Bxf5 13. e4 Bg4 14. Rxd5 Qb6 15. Be3 Rac8 16. Nc3 Qc7 17. Bd4 e5 1/2-1/2

[Event "Unterfranken-ch M2 59th"]
[Site "Rieneck"]
[Date "2008.03.27"]
[Round "6"]
[White "Von der Linden, Armin"]
[Black "Ersoez, Can Hakki"]
[Result "1/2-1/2"]
[WhiteElo "1816"]
[BlackElo "1869"]
[PlyCount "22"]
[EventDate "2008.03.24"]
[EventType "swiss"]
[EventRounds "9"]
[EventCountry "GER"]
[SourceTitle "EXT 2015"]
[Source "ChessBase"]
[SourceDate "2014.11.20"]
[SourceVersion "1"]
[SourceVersionDate "2014.11.20"]
[SourceQuality "1"]

1. d4 Nf6 2. Nf3 g6 3. g3 Bg7 4. Bg2 0-0 5. 0-0 d6 6. c4 c6 7. Nc3 Bf5 8. Nh4 Bd7 9. Nf3 Bf5 10. Nh4 Bd7 11. Nf3 Bf5 1/2-1/2

[Event "Unterfranken-ch M2 59th"]
[Site "Rieneck"]
[Date "2008.03.26"]
[Round "5"]
[White "Von der Linden, Armin"]
[Black "Kuhn, Christian"]
[Result "1-0"]
[WhiteElo "1816"]
[BlackElo "1812"]
[PlyCount "85"]
[EventDate "2008.03.24"]
[EventType "swiss"]
[EventRounds "9"]
[EventCountry "GER"]
[SourceTitle "EXT 2015"]
[Source "ChessBase"]
[SourceDate "2014.11.20"]
[SourceVersion "1"]
[SourceVersionDate "2014.11.20"]
[SourceQuality "1"]

1. d4 Nf6 2. Nf3 c5 3. c3 d5 4. dxc5 Qc7 5. b4 g6 6. Bb2 Bg7 7. e3 b6 8. cxb6 axb6 9. Qb3 Bd7 10. c4 Be6 11. Nd4 0-0 12. Nxe6 fxe6 13. Nd2 Ng4 14. Bxg7 Kxg7 15. Nf3 e5 16. cxd5 e4 17. Ng5 Qe5 18. Ne6+ Kh6 19. Rc1 Rf5 20. Be2 Nxf2 21. 0-0 Nd3 22. Bxd3 exd3 23. Qxd3 Rh5 24. Nf4 Rf5 25. Ne6 Rh5 26. Nf4 Rf5 27. Rf3 Rxa2 28. Rh3+ Kg7 29. Ne6+ Kf6 30. Qd4 Rff2 31. Qxe5+ Kxe5 32. Rg3 Kxd5 33. Nf4+ Kd6 34. Rg5 Rfd2 35. Nxg6 hxg6 36. Rxg6+ e6 37. h4 Nd7 38. h5 Ne5 39. Rg8 Ke7 40. Rf1 Rd8 41. Rg7+ Ke8 42. h6 Rd7 43. Rg8+ 1-0

[Event "Schweinfurt op"]
[Site "Schweinfurt"]
[Date "2007.05.20"]
[Round "6"]
[White "Seidens, Gunter"]
[Black "Von der Linden, Armin"]
[Result "0-1"]
[WhiteElo "2124"]
[BlackElo "1740"]
[PlyCount "108"]
[EventDate "2007.05.17"]
[EventType "swiss"]
[EventRounds "7"]
[EventCountry "GER"]
[SourceTitle "CBM 118 Extra"]
[Source "ChessBase"]
[SourceDate "2007.07.04"]
[SourceVersion "1"]
[SourceVersionDate "2007.07.04"]
[SourceQuality "1"]

1. d4 d5 2. Nf3 Nf6 3. c4 c6 4. Nbd2 Bf5 5. g3 h6 6. Bg2 e6 7. 0-0 Be7 8. Qb3 Qc7 9. Ne5 0-0 10. Ndf3 Nbd7 11. Nd3 c5 12. Bf4 Qb6 13. dxc5 Qxb3 14. axb3 Bxd3 15. exd3 Nxc5 16. Ne5 Nxb3 17. Rad1 Nd4 18. Be3 Nf5 19. Bd2 Bd6 20. Rfe1 Rfc8 21. h3 Rc7 22. g4 Nd4 23. Ba5 b6 24. Bc3 Nb3 25. f4 Rac8 26. g5 Nh5 27. cxd5 Nxf4 28. gxh6 Nxg2 29. Kxg2 exd5 30. d4 gxh6 31. Rf1 Bxe5 32. dxe5 d4 33. Bxd4 Nxd4 34. Rxd4 Rc2+ 35. Kg3 Rxb2 36. Rg4+ Kf8 37. Rgf4 Rc7 38. e6 Re2 39. Rxf7+ Rxf7 40. Rxf7+ Ke8 41. Rxa7 Rxe6 42. Kf4 Re7 43. Ra6 Rb7 44. Ke5 Kf7 45. Kd6 Kg6 46. Kc6 Rf7 47. Rxb6 Rf6+ 48. Kc5 Rxb6 49. Kxb6 Kg5 50. Kc5 Kh4 51. Kd4 Kxh3 52. Ke4 Kg3 53. Ke3 h5 54. Ke2 Kg2 0-1

[Event "Schweinfurt op"]
[Site "Schweinfurt"]
[Date "2007.05.20"]
[Round "7"]
[White "Von der Linden, Armin"]
[Black "Bebersdorf, Claus"]
[Result "1-0"]
[WhiteElo "1740"]
[BlackElo "1851"]
[PlyCount "37"]
[EventDate "2007.05.17"]
[EventType "swiss"]
[EventRounds "7"]
[EventCountry "GER"]
[SourceTitle "CBM 118 Extra"]
[Source "ChessBase"]
[SourceDate "2007.07.04"]
[SourceVersion "1"]
[SourceVersionDate "2007.07.04"]
[SourceQuality "1"]

1. d4 d5 2. c4 e6 3. Nf3 Nf6 4. g3 Be7 5. Bg2 0-0 6. Nbd2 Nbd7 7. Qc2 c6 8. 0-0 b6 9. e4 dxe4 10. Nxe4 Bb7 11. Rd1 Qc8 12. Nxf6+ Bxf6 13. Ng5 g6 14. Ne4 Be7 15. Bf4 c5 16. Bd6 Bxe4 17. Bxe4 Bxd6 18. Bxa8 Qxa8 19. dxc5 1-0

[Event "Unterfranken-ch HA 58th"]
[Site "Wuerzburg"]
[Date "2007.04.14"]
[Round "9"]
[White "Von der Linden, Armin"]
[Black "Dittmaier, Andreas"]
[Result "1-0"]
[WhiteElo "1777"]
[BlackElo "1597"]
[PlyCount "103"]
[EventDate "2007.04.09"]
[EventType "swiss"]
[EventRounds "9"]
[EventCountry "GER"]
[SourceTitle "EXT 2015"]
[Source "ChessBase"]
[SourceDate "2014.11.20"]
[SourceVersion "1"]
[SourceVersionDate "2014.11.20"]
[SourceQuality "1"]

1. d4 d5 2. c4 e6 3. Nf3 Nf6 4. g3 Be7 5. Bg2 0-0 6. 0-0 b6 7. Qc2 Bb7 8. Bf4 c6 9. Nbd2 Nbd7 10. e4 dxe4 11. Nxe4 Nxe4 12. Qxe4 Nf6 13. Qc2 c5 14. Rfd1 Qc8 15. Qe2 Re8 16. Ne5 Bxg2 17. Kxg2 Qb7+ 18. Qf3 Qxf3+ 19. Kxf3 Rac8 20. dxc5 Rxc5 21. Rd4 h6 22. Nd7 Nxd7 23. Rxd7 Rxc4 24. Rxa7 Bf6 25. Rc1 Rxc1 26. Bxc1 Rc8 27. Be3 Bxb2 28. Bxb6 Rc3+ 29. Ke2 Ba3 30. Rc7 Rxc7 31. Bxc7 Kf8 32. Kd3 Ke7 33. Kc4 Kd7 34. Ba5 Kc6 35. Bb4 Bb2 36. Bc3 Bxc3 37. Kxc3 Kb5 38. f4 f6 39. Kd4 h5 40. a4+ Kxa4 41. Kc5 e5 42. fxe5 fxe5 43. Kd5 Kb5 44. Kxe5 Kc5 45. h3 Kc4 46. g4 hxg4 47. hxg4 Kc5 48. g5 Kc6 49. Ke6 Kc7 50. Kf7 Kd7 51. Kxg7 Ke7 52. Kh7 1-0

[Event "Unterfranken-ch HA 58th"]
[Site "Wuerzburg"]
[Date "2007.04.13"]
[Round "7"]
[White "Von der Linden, Armin"]
[Black "Hobert, Markus"]
[Result "1-0"]
[WhiteElo "1777"]
[BlackElo "1646"]
[PlyCount "55"]
[EventDate "2007.04.09"]
[EventType "swiss"]
[EventRounds "9"]
[EventCountry "GER"]
[SourceTitle "EXT 2015"]
[Source "ChessBase"]
[SourceDate "2014.11.20"]
[SourceVersion "1"]
[SourceVersionDate "2014.11.20"]
[SourceQuality "1"]

1. d4 d5 2. c4 e6 3. Nf3 Nf6 4. g3 Be7 5. Bg2 0-0 6. 0-0 dxc4 7. Qc2 a6 8. Qxc4 Bd7 9. Qc2 Bc6 10. Nc3 Nbd7 11. e4 Nb6 12. Bf4 Rc8 13. Rfd1 Nh5 14. Be3 f5 15. Ne5 f4 16. Bc1 fxg3 17. fxg3 Be8 18. Bh3 Qd6 19. Qb3 Bf7 20. Nxf7 Kxf7 21. e5 Qd7 22. Be3 Qc6 23. Rf1+ Kg8 24. Rxf8+ Kxf8 25. Qxe6 Qxe6 26. Bxe6 Rd8 27. Rf1+ Ke8 28. Bf7+ 1-0

[Event "Unterfranken-ch HA 58th"]
[Site "Wuerzburg"]
[Date "2007.04.12"]
[Round "6"]
[White "Ziegler, Johannes"]
[Black "Von der Linden, Armin"]
[Result "0-1"]
[WhiteElo "1650"]
[BlackElo "1777"]
[PlyCount "140"]
[EventDate "2007.04.09"]
[EventType "swiss"]
[EventRounds "9"]
[EventCountry "GER"]
[SourceTitle "EXT 2015"]
[Source "ChessBase"]
[SourceDate "2014.11.20"]
[SourceVersion "1"]
[SourceVersionDate "2014.11.20"]
[SourceQuality "1"]

1. c4 c6 2. Nc3 d5 3. cxd5 cxd5 4. d4 Nc6 5. Bf4 Nf6 6. e3 a6 7. Nf3 Bg4 8. Be2 e6 9. 0-0 Bd6 10. Bxd6 Qxd6 11. a3 b5 12. b4 0-0 13. Nd2 Bxe2 14. Nxe2 Nd7 15. Nb3 Nb6 16. Nf4 Nc4 17. Nc5 Ra7 18. Qg4 Kh8 19. Qh3 Kg8 20. Qg4 Kh8 21. Rfb1 Rb8 22. Qd1 a5 23. Nfd3 axb4 24. axb4 Rba8 25. Rxa7 Rxa7 26. Ra1 Qb8 27. h4 h6 28. g4 Nxe3 29. fxe3 Qg3+ 30. Kf1 Qh3+ 31. Kg1 Qxe3+ 32. Kh2 Rxa1 33. Qxa1 Nxd4 34. Qf1 Nf3+ 35. Kh1 Nxh4 36. Nf2 Qf3+ 37. Kh2 Qf4+ 38. Kh3 Qxb4 39. Ncd3 Qe7 40. Qb1 Ng6 41. Qxb5 Qh4+ 42. Kg2 Qf6 43. Qb8+ Kh7 44. Qg3 e5 45. Nh3 Nh4+ 46. Kh2 Nf3+ 47. Kg2 e4 48. Ndf4 Nh4+ 49. Kh1 Qa1+ 50. Ng1 Qe5 51. Kh2 g5 52. Nh5 Qxg3+ 53. Kxg3 Kg6 54. Ne2 f5 55. Nd4 fxg4 56. Kxg4 Ng2 57. Ng3 h5+ 58. Kh3 Nf4+ 59. Kh2 Kf6 60. Nf1 Ne6 61. Nc6 h4 62. Kh3 d4 63. Kg4 e3 64. Kf3 g4+ 65. Ke2 g3 66. Nxe3 dxe3 67. Kxe3 h3 68. Kf3 g2 69. Kf2 Nf4 70. Nd4 h2 0-1